[Event "IND-chT 37th"]
[Site "Bhopal"]
[Date "2017.02.04"]
[Round "4.1"]
[White "Sher, Singh"]
[Black "Shivananda, BS."]
[Result "1/2-1/2"]
[WhiteElo "1851"]
[BlackElo "2241"]
[PlyCount "62"]
[EventDate "2017.02.02"]
[EventType "team-swiss"]
[EventRounds "9"]
[EventCountry "IND"]
[SourceTitle "CBM 176 Extra"]
[Source "ChessBase"]
[SourceDate "2017.03.02"]
[SourceVersion "1"]
[SourceVersionDate "2017.03.02"]
[SourceQuality "1"]
[WhiteTeam "Rajastan State"]
[BlackTeam "Karnataka"]
[WhiteTeamCountry "IND"]
[BlackTeamCountry "IND"]

1. d4 Nf6 2. Nf3 g6 3. g3 Bg7 4. Bg2 d5 5. c4 0-0 6. Nc3 dxc4 7. Qa4 Nfd7 8. Qxc4 Nb6 9. Qc5 Na6 10. Qa3 Qd6 11. Qxd6 cxd6 12. 0-0 Bd7 13. Rd1 Rfc8 14. Bg5 Kf8 15. h4 h6 16. Bf4 Nb4 17. Rac1 Na4 18. Nxa4 Bxa4 19. b3 Bb5 20. Rxc8+ Rxc8 21. Rd2 Rc1+ 22. Kh2 Ra1 23. a4 Bc6 24. Rb2 Ke8 25. Be3 Kd7 26. Nd2 Bxg2 27. Kxg2 f5 28. Nc4 g5 29. hxg5 hxg5 30. f4 g4 31. Bf2 Rd1 1/2-1/2

[Event "IND-chT 37th"]
[Site "Bhopal"]
[Date "2017.02.03"]
[Round "2.1"]
[White "Sher, Singh"]
[Black "Deshmukh, Anup"]
[Result "0-1"]
[WhiteElo "1851"]
[BlackElo "2229"]
[PlyCount "67"]
[EventDate "2017.02.02"]
[EventType "team-swiss"]
[EventRounds "9"]
[EventCountry "IND"]
[SourceTitle "CBM 176 Extra"]
[Source "ChessBase"]
[SourceDate "2017.03.02"]
[SourceVersion "1"]
[SourceVersionDate "2017.03.02"]
[SourceQuality "1"]
[WhiteTeam "Rajastan State"]
[BlackTeam "LIC of India"]
[WhiteTeamCountry "IND"]
[BlackTeamCountry "IND"]

1. d4 Nf6 2. Nf3 c5 3. c3 b6 4. Bf4 Bb7 5. e3 g6 6. h3 Bg7 7. Be2 0-0 8. Nbd2 d6 9. 0-0 Nbd7 10. a4 Re8 11. Bh2 a6 12. Re1 Qc7 13. Bd3 e5 14. e4 cxd4 15. cxd4 exd4 16. Rc1 Qb8 17. Nc4 Nxe4 18. Bxe4 Rxe4 19. Rxe4 Bxe4 20. Nxd6 Bxf3 21. Qxf3 Qf8 22. Rc7 Rd8 23. Nb7 Rc8 24. Qc6 Rxc7 25. Qxc7 Qe8 26. Bg3 h5 27. Nd6 Qe6 28. Qc8+ Kh7 29. Qxa6 h4 30. Bf4 Nc5 31. Qxb6 Qe1+ 32. Kh2 Qxf2 33. Qxc5 Qxf4+ 34. Kg1 0-1